[Event "Venezuela op 2nd"]
[Site "Valencia"]
[Date "2018.12.16"]
[Round "5"]
[White "Rodriguez Urbaneja, Reinaldo Antonio"]
[Black "Arias Serrano, Luis Antonio"]
[Result "1-0"]
[WhiteElo "2155"]
[BlackElo "2094"]
[PlyCount "71"]
[EventDate "2018.12.14"]
[EventType "swiss"]
[EventRounds "6"]
[EventCountry "VEN"]
[SourceTitle "EXT 2021"]
[Source "ChessBase"]
[SourceDate "2020.10.23"]
[SourceVersion "1"]
[SourceVersionDate "2020.10.23"]
[SourceQuality "1"]

1. e4 e5 2. Nf3 Nc6 3. d4 exd4 4. Nxd4 Bc5 5. Nb3 Bb6 6. Nc3 d6 7. Qe2 Nge7 8. Be3 Be6 9. 0-0-0 0-0 10. f4 f6 11. g3 Qe8 12. Bg2 Qf7 13. Rhe1 Rfe8 14. Kb1 Bc4 15. Qf2 Nb4 16. Nc1 Bxe3 17. Rxe3 a5 18. a3 Ra6 19. axb4 axb4 20. Nd5 Rea8 21. b3 Ra1+ 22. Kb2 Bxd5 23. exd5 Nf5 24. Re4 c5 25. dxc6 Qc7 26. Rxb4 Qa5 27. Ra4 Rxa4 28. bxa4 Qxa4 29. Nb3 Qa3+ 30. Kc3 Ra4 31. Ra1 Qb4+ 32. Kb2 Rxa1 33. Kxa1 bxc6 34. Qd2 Qa3+ 35. Kb1 d5 36. Bxd5+ 1-0

[Event "Venezuela op 2nd"]
[Site "Valencia"]
[Date "2018.12.15"]
[Round "3.3"]
[White "Gauna Quiroz, Jaiso Josuel"]
[Black "Rodriguez Urbaneja, Reinaldo Antonio"]
[Result "1-0"]
[WhiteElo "2069"]
[BlackElo "2155"]
[PlyCount "99"]
[EventDate "2018.12.14"]
[EventType "swiss"]
[EventRounds "6"]
[EventCountry "VEN"]
[SourceTitle "EXT 2021"]
[Source "ChessBase"]
[SourceDate "2020.10.23"]
[SourceVersion "1"]
[SourceVersionDate "2020.10.23"]
[SourceQuality "1"]

1. e4 c5 2. Nf3 d6 3. d4 cxd4 4. Nxd4 Nf6 5. Nc3 a6 6. a4 Nc6 7. Nb3 Na5 8. Nxa5 Qxa5 9. Bd3 e6 10. 0-0 Be7 11. f4 0-0 12. g4 Nd7 13. Be3 Nc5 14. Bxc5 Qxc5+ 15. Kg2 b6 16. Qe2 Bb7 17. Ra3 Rfc8 18. Rb3 Qa5 19. Kg3 Rc5 20. Nd1 Bd8 21. Ne3 Qxa4 22. Nc4 Qc6 23. e5 dxe5 24. Nxe5 Qc7 25. Rd1 Bf6 26. Nd7 Rd5 27. Nxb6 Rd4 28. Bxh7+ Kxh7 29. Rxd4 Bxd4 30. Nxa8 Bxa8 31. Qd3+ g6 32. Qxd4 Qxc2 33. Rd3 Qg2+ 34. Kh4 Bf3 35. h3 Bd5 36. Qf6 Qf2+ 37. Kg5 Qa7 38. Rc3 Qb7 39. Qd8 Qxb2 40. Rc8 Qg7 41. Kh4 a5 42. Qxa5 Qf6+ 43. Kg3 g5 44. Qd2 Be4 45. Rc5 Bd5 46. Qe3 Qe7 47. fxg5 Qd6+ 48. Kh4 Qd8 49. Qe5 Kg8 50. Rb5 1-0

[Event "Valencia op 3rd"]
[Site "Valencia"]
[Date "2017.07.02"]
[Round "5"]
[White "Hadad Diaz, Antonio Alirio"]
[Black "Rodriguez Urbaneja, Reinaldo Antonio"]
[Result "1/2-1/2"]
[WhiteElo "2140"]
[BlackElo "2169"]
[PlyCount "71"]
[EventDate "2017.06.30"]
[EventType "swiss"]
[EventRounds "5"]
[EventCountry "VEN"]
[SourceTitle "EXT 2018"]
[Source "ChessBase"]
[SourceDate "2017.10.13"]
[SourceVersion "1"]
[SourceVersionDate "2017.10.13"]
[SourceQuality "1"]

1. e4 c5 2. Nf3 Nc6 3. Nc3 d6 4. d4 cxd4 5. Nxd4 Nf6 6. Bg5 e6 7. Bb5 Bd7 8. Bxc6 bxc6 9. Nb3 Be7 10. Bxf6 gxf6 11. Qh5 a5 12. a4 Qb6 13. 0-0-0 Qxf2 14. Rhf1 Qe3+ 15. Kb1 Qg5 16. Qe2 Rg8 17. g3 Kf8 18. Rd3 Bc8 19. Nd4 Qc5 20. Nb3 Qb6 21. Qd2 Ba6 22. Qh6+ Ke8 23. Qxh7 Rf8 24. Rfd1 Bxd3 25. Rxd3 Rb8 26. Rd1 Qe3 27. Qh5 Qg5 28. Qe2 Ra8 29. Qc4 Kd7 30. Nc5+ Kc7 31. Nb5+ cxb5 32. Na6+ Kb7 33. Qc7+ Kxa6 34. Qc6+ Ka7 35. Qc7+ Ka6 36. Qc6+ 1/2-1/2